000 00401nam a2200109Ia 4500
008 180321s1996 xx 000 0 und d
082 _a346.048 DEP
245 _aReport of the task force on administrative reforms to help liberalise procedures to attact investment
260 _aNew Delhi
_bDept of Industrial Policy and Promotion
_c1996
300 _a57
650 _aIndustrial approvals-Study of policy
999 _c110854
_d110854